[Event "Tradewise Gibraltar"]
[Site "Caleta ENG"]
[Date "2014.01.28"]
[EventDate "2014.01.28"]
[Round "1.13"]
[Result "0-1"]
[White "Mladen Gajic"]
[Black "Maxim Rodshtein"]
[WhiteElo "2246"]
[BlackElo "2682"]
[PlyCount "88"]

1. e4 c6 2. Nf3 d5 3. exd5 cxd5 4. Ne5 e6 5. d4 Nc6 6. Nxc6
bxc6 7. Bd3 Nf6 8. O-O Qb6 9. c3 c5 10. Bc2 Bd6 11. Ba4+ Ke7
12. Bc2 Ba6 13. Bd3 Bxd3 14. Qxd3 Rhc8 15. dxc5 Bxc5 16. Nd2
Qc7 17. h3 Bb6 18. Rd1 Rab8 19. Rb1 a5 20. g3 a4 21. Kg2 Ba7
22. Qf3 Kf8 23. g4 Kg8 24. a3 Nd7 25. Qe2 Ne5 26. Nf3 Nc4
27. Nd2 Nd6 28. Ra1 Rb7 29. Qf3 Qc6 30. Ra2 Bb6 31. Ra1 Bd8
32. Kg1 h6 33. Nf1 Nc4 34. Qe2 Rcb8 35. Ra2 Qb5 36. Qc2 Be7
37. Ne3 Bg5 38. Rd4 Bxe3 39. Bxe3 Qb3 40. Qxb3 axb3 41. Ra1
Nxb2 42. Rb4 Nc4 43. Ba7 Rxb4 44. axb4 Ra8 0-1

[Event "Bundesliga"]
[Site "Emsdetten GER"]
[Date "2014.02.08"]
[EventDate "2013.10.12"]
[Round "7"]
[Result "1/2-1/2"]
[White "Maxim Rodshtein"]
[Black "Alexander Ipatov"]
[WhiteElo "2664"]
[BlackElo "2625"]
[PlyCount "62"]

1. e4 c5 2. Nf3 Nf6 3. e5 Nd5 4. Nc3 Nxc3 5. dxc3 Nc6 6. Bf4
Qb6 7. Qc1 h6 8. h4 d5 9. exd6 exd6 10. Bc4 Be7 11. Qe3 Qxb2
12. O-O O-O 13. Rfb1 Qa3 14. Bxh6 gxh6 15. Rb3 Qa4 16. Bb5 Qg4
17. Bxc6 bxc6 18. Qxe7 Be6 19. Qxd6 Bxb3 20. axb3 Qg6 21. Qxc5
Qxc2 22. Ra4 Qd1+ 23. Kh2 Qd5 24. Qe7 Qe6 25. Qxe6 fxe6
26. Ra6 Rfb8 27. b4 Rb6 28. Ra1 c5 29. bxc5 Rb5 30. Ra6 Rxc5
31. Nd4 Rxc3 1/2-1/2

[Event "Bundesliga"]
[Site "Emsdetten GER"]
[Date "2014.02.09"]
[EventDate "2013.10.12"]
[Round "8"]
[Result "1/2-1/2"]
[White "Alexandr Hilario Takeda dos Santos Fier"]
[Black "Maxim Rodshtein"]
[WhiteElo "2572"]
[BlackElo "2664"]
[PlyCount "60"]

1. e4 e5 2. Nf3 Nc6 3. d4 exd4 4. Nxd4 Nf6 5. Nxc6 bxc6 6. e5
Qe7 7. Qe2 Nd5 8. c4 Ba6 9. Nd2 Nb6 10. b3 g6 11. Ne4 Bg7
12. Nf6+ Bxf6 13. exf6 Qxe2+ 14. Bxe2 c5 15. O-O O-O-O 16. Bg4
h5 17. Bh3 Kb8 18. Re1 Bc8 19. Re7 Rh7 20. a4 d6 21. a5 Nd7
22. Bb2 Nf8 23. Bxc8 Kxc8 24. h4 Nd7 25. Kh2 Nb8 26. Kg3 Nc6
27. Kf4 Rd7 28. Re8+ Rd8 29. Re7 Rd7 30. Re8+ Rd8 1/2-1/2

[Event "European Individual Championships"]
[Site "Yerevan ARM"]
[Date "2014.03.03"]
[EventDate "2014.03.03"]
[Round "1.20"]
[Result "1-0"]
[White "Maxim Rodshtein"]
[Black "Tigran K Harutyunian"]
[WhiteElo "2691"]
[BlackElo "2422"]
[PlyCount "69"]

1. d4 d5 2. c4 e6 3. Nf3 Nf6 4. g3 dxc4 5. Bg2 Nc6 6. Qa4 Bb4+
7. Bd2 Nd5 8. Bxb4 Nxb4 9. Nc3 Bd7 10. O-O a5 11. Qd1 O-O
12. e3 a4 13. Nxa4 Nxd4 14. Qxd4 Bxa4 15. Qxc4 Qe7 16. Rfc1
Rfc8 17. a3 Nd5 18. Nd2 Nb6 19. Qc3 c5 20. b3 Be8 21. e4 e5
22. Bf1 f6 23. a4 Bf7 24. a5 Nd7 25. b4 Nf8 26. b5 Ne6 27. Nc4
Rd8 28. Nb6 Rab8 29. Rab1 Rd4 30. a6 bxa6 31. bxa6 Rb4 32. Nd5
Qd6 33. Nxb4 cxb4 34. a7 Ra8 35. Qxb4 1-0

[Event "European Individual Championships"]
[Site "Yerevan ARM"]
[Date "2014.03.04"]
[EventDate "2014.03.03"]
[Round "2.16"]
[Result "1/2-1/2"]
[White "David Anton Guijarro"]
[Black "Maxim Rodshtein"]
[WhiteElo "2559"]
[BlackElo "2691"]
[PlyCount "80"]

1. Nf3 d5 2. d4 Nf6 3. c4 c6 4. e3 Bf5 5. Nc3 e6 6. Bd3 Bg6
7. O-O Nbd7 8. Bxg6 hxg6 9. Qd3 Bb4 10. Bd2 Qe7 11. h3 O-O
12. a3 Bd6 13. e4 dxc4 14. Qxc4 e5 15. Be3 exd4 16. Bxd4 Rfe8
17. Rad1 a6 18. Rfe1 Ne5 19. Nxe5 Bxe5 20. Bxe5 Qxe5 21. Qd4
g5 22. Qxe5 Rxe5 23. f3 Kf8 24. Re2 Ke7 25. Red2 b5 26. Kf2
Ra7 27. Ke3 Rd7 28. Na2 Re6 29. Nc3 Rxd2 30. Rxd2 Nd7 31. Rc2
Rd6 32. Ne2 g6 33. b3 c5 34. Nc3 Nb6 35. a4 b4 36. a5 bxc3
37. axb6 Rxb6 38. Rxc3 Kd6 39. f4 gxf4+ 40. Kxf4 f6 1/2-1/2

[Event "European Individual Championships"]
[Site "Yerevan ARM"]
[Date "2014.03.05"]
[EventDate "2014.03.03"]
[Round "3.27"]
[Result "1/2-1/2"]
[White "Maxim Rodshtein"]
[Black "Karen H Grigoryan"]
[WhiteElo "2691"]
[BlackElo "2572"]
[PlyCount "90"]

1. d4 Nf6 2. c4 g6 3. Nf3 Bg7 4. g3 O-O 5. Bg2 c5 6. d5 d6
7. Nc3 e6 8. O-O exd5 9. cxd5 a6 10. a4 Nbd7 11. Re1 Rb8
12. a5 b5 13. axb6 Rxb6 14. Nd2 Rb4 15. Nb3 Ne5 16. Na5 Qe8
17. Nc6 Rb6 18. Bf4 Nh5 19. Bxe5 Bxe5 20. Qd2 Bd7 21. Ra3 Nf6
22. Na4 Rxc6 23. dxc6 Bxc6 24. f4 Ne4 25. Qc2 Bg7 26. Nb6 Nf6
27. Nc4 Bxg2 28. Kxg2 d5 29. Nd2 Qb5 30. Qb3 c4 31. Qxb5 axb5
32. Ra5 b4 33. Rb5 Ng4 34. Rxb4 c3 35. Nf1 cxb2 36. Rd1 Bc3
37. Rb3 d4 38. Rb1 Re8 39. Kf3 Ne3 40. Nxe3 Rxe3+ 41. Kf2 Be1+
42. Kxe1 Rxb3 43. Kd2 Kg7 44. Kc2 Rc3+ 45. Kd2 Rb3 1/2-1/2

[Event "European Individual Championships"]
[Site "Yerevan ARM"]
[Date "2014.03.06"]
[EventDate "2014.03.03"]
[Round "4.27"]
[Result "1/2-1/2"]
[White "Aleksej Aleksandrov"]
[Black "Maxim Rodshtein"]
[WhiteElo "2544"]
[BlackElo "2691"]
[PlyCount "133"]

1. d4 Nf6 2. Bg5 d5 3. e3 c5 4. c3 Qb6 5. Qb3 c4 6. Qc2 Ne4
7. Bf4 Bf5 8. Qc1 Nc6 9. Nf3 e6 10. Nbd2 Nxd2 11. Nxd2 Rc8
12. Be2 Be7 13. O-O O-O 14. Re1 Qd8 15. Bg3 b5 16. a3 a5
17. Bd1 Bg6 18. e4 Bg5 19. f4 Bf6 20. Kh1 dxe4 21. Nxe4 Bxe4
22. Rxe4 Ne7 23. Bf3 Nd5 24. Be1 Qd6 25. g3 b4 26. axb4 axb4
27. cxb4 Nxb4 28. Bxb4 Qxb4 29. Qc3 Qb6 30. Ra4 Rfd8 31. Rxc4
Rxc4 32. Qxc4 Qxb2 33. Re2 Qa1+ 34. Kg2 Bxd4 35. Rd2 g6
36. Qf1 Qc3 37. Qd1 Rd6 38. Rd3 Qb4 39. Qd2 Qb6 40. Qd1 Bc5
41. Rxd6 Bxd6 42. Qa1 Bc5 43. Qc3 Bd4 44. Qd2 Kg7 45. h4 Qc5
46. Qd3 h6 47. Qd2 Bc3 48. Qf2 Qb4 49. Qe2 Bd4 50. Kh3 Qc3
51. Kg2 Be3 52. Qd1 Bc5 53. Kh3 Be7 54. Kg2 g5 55. hxg5 hxg5
56. Bh5 Qc6+ 57. Qf3 Qc2+ 58. Qe2 Qc6+ 59. Qf3 Qc7 60. Qe4 Qd7
61. fxg5 Bxg5 62. Qe5+ Bf6 63. Qf4 Qb5 64. Qf3 Qd7 65. Qf4 Bd8
66. Qe5+ Kg8 67. Qf4 1/2-1/2

[Event "European Individual Championships"]
[Site "Yerevan ARM"]
[Date "2014.03.07"]
[EventDate "2014.03.03"]
[Round "5.34"]
[Result "1/2-1/2"]
[White "Maxim Rodshtein"]
[Black "Hovhannes Gabuzyan"]
[WhiteElo "2691"]
[BlackElo "2537"]
[PlyCount "98"]

1. Nf3 d5 2. g3 c6 3. Bg2 Nf6 4. c4 g6 5. b3 Bg7 6. Bb2 O-O
7. O-O Bg4 8. d3 Bxf3 9. Bxf3 e6 10. Nd2 a5 11. a3 Na6 12. d4
Qe7 13. e3 Rfd8 14. Qc2 Ne8 15. Bg2 Nd6 16. Rfd1 f5 17. Rac1
Rdc8 18. Re1 b5 19. Qd3 Qb7 20. cxd5 cxd5 21. Bf1 Bf8 22. Nf3
Rxc1 23. Rxc1 Rc8 24. Ne5 Nb8 25. Rxc8 Qxc8 26. Qc3 Qxc3
27. Bxc3 a4 28. bxa4 bxa4 29. Bb4 Ne4 30. Bxf8 Kxf8 31. Bd3
Ke7 32. Kf1 Nd7 33. Ke2 Nxe5 34. dxe5 Kd7 35. f3 Nc5 36. Bb5+
Kc7 37. Kd2 Kb6 38. Be8 g5 39. Kc3 Ka5 40. h3 g4 41. hxg4 fxg4
42. fxg4 h6 43. Bg6 Kb5 44. Bf7 Ne4+ 45. Kd4 Nc5 46. Be8+ Kb6
47. Bg6 Kb5 48. Kc3 Ka5 49. Be8 Kb6 1/2-1/2

[Event "European Individual Championships"]
[Site "Yerevan ARM"]
[Date "2014.03.08"]
[EventDate "2014.03.03"]
[Round "6.38"]
[Result "1/2-1/2"]
[White "Luka Paichadze"]
[Black "Maxim Rodshtein"]
[WhiteElo "2529"]
[BlackElo "2691"]
[PlyCount "81"]

1. e4 c6 2. d4 d5 3. e5 Bf5 4. Nf3 e6 5. Be2 Nd7 6. O-O Ne7
7. Nbd2 h6 8. Nb3 g5 9. Ne1 c5 10. Nxc5 Nxc5 11. dxc5 Nc6
12. Bd3 Be4 13. Be3 Bg7 14. f3 Bxd3 15. Nxd3 Nxe5 16. Nxe5
Bxe5 17. f4 Bxb2 18. Rb1 d4 19. Bd2 Bc3 20. fxg5 Bxd2 21. Qxd2
Qxg5 22. Qxd4 O-O 23. Kh1 Rad8 24. Qe4 Qxc5 25. Rxb7 Rd5
26. h3 Rg5 27. Rf6 h5 28. c4 a6 29. Qf4 Rg7 30. Rb8 Rxb8
31. Qxb8+ Qf8 32. Qe5 Qa3 33. Rf2 Qc1+ 34. Kh2 Qg5 35. Re2 h4
36. c5 Qg3+ 37. Kg1 Qxe5 38. Rxe5 Rg3 39. Re4 Rc3 40. Rxh4
Rxc5 41. Ra4 1/2-1/2

[Event "European Individual Championships"]
[Site "Yerevan ARM"]
[Date "2014.03.10"]
[EventDate "2014.03.03"]
[Round "7.38"]
[Result "1/2-1/2"]
[White "Maxim Rodshtein"]
[Black "Tomas Oral"]
[WhiteElo "2691"]
[BlackElo "2528"]
[PlyCount "81"]

1. e4 c5 2. Nf3 Nc6 3. d4 cxd4 4. Nxd4 Qc7 5. Nc3 e6 6. Be2 a6
7. O-O Nf6 8. Be3 Be7 9. f4 d6 10. Qe1 O-O 11. Qg3 Nxd4
12. Bxd4 b5 13. a3 Bb7 14. Kh1 Rad8 15. Rae1 Rd7 16. Bd3 Qd8
17. Qh3 g6 18. f5 e5 19. Be3 Nh5 20. Bh6 Re8 21. Rf3 Bf8
22. Be3 Bg7 23. Ref1 d5 24. exd5 e4 25. Nxe4 Bxd5 26. Bg5 Qc8
27. fxg6 hxg6 28. Nf6+ Nxf6 29. Rxf6 Rc7 30. Qh4 Qb7 31. Qg3
Be4 32. Bxe4 Rxe4 33. Rd6 Re8 34. c3 Rd7 35. Rxd7 Qxd7 36. Qf3
Qf5 37. Qxf5 gxf5 38. h4 Re2 39. b4 Bxc3 40. Rxf5 Ra2 41. Bf6
1/2-1/2

[Event "European Individual Championships"]
[Site "Yerevan ARM"]
[Date "2014.03.11"]
[EventDate "2014.03.03"]
[Round "8.37"]
[Result "0-1"]
[White "Artur Gabrielian"]
[Black "Maxim Rodshtein"]
[WhiteElo "2560"]
[BlackElo "2691"]
[PlyCount "60"]

1. e4 c5 2. Nf3 e6 3. d4 cxd4 4. Nxd4 a6 5. Bd3 Qb6 6. Nb3 Qc7
7. O-O Nf6 8. f4 d6 9. Nc3 Nbd7 10. Qe2 b5 11. Bd2 Bb7
12. Rae1 Nc5 13. Nxc5 dxc5 14. Nd5 exd5 15. exd5+ Kd8 16. c4
b4 17. Qf2 Bc8 18. Qg3 Bd7 19. a3 a5 20. axb4 axb4 21. Ra1 Ra7
22. Rxa7 Qxa7 23. f5 Ne8 24. Re1 Be7 25. Bf4 Bf6 26. h3 Bxb2
27. d6 Bd4+ 28. Kh1 Bc6 29. Qg5+ Nf6 30. Bb1 Re8 0-1

[Event "European Individual Championships"]
[Site "Yerevan ARM"]
[Date "2014.03.12"]
[EventDate "2014.03.03"]
[Round "9.24"]
[Result "0-1"]
[White "Maxim Rodshtein"]
[Black "Benjamin Bok"]
[WhiteElo "2691"]
[BlackElo "2575"]
[PlyCount "80"]

1. e4 e5 2. Nf3 Nc6 3. Bb5 Nf6 4. d3 Bc5 5. Bxc6 dxc6 6. O-O
Bg4 7. h3 Bxf3 8. Qxf3 O-O 9. Nd2 Nd7 10. Nc4 a5 11. a4 Re8
12. Qg3 Qe7 13. Kh1 Bd6 14. Bh6 Qf6 15. Bd2 Bb4 16. c3 Bd6
17. f4 Qg6 18. Qf3 f5 19. exf5 Qxf5 20. Qg3 Qg6 21. Qxg6 hxg6
22. Rae1 exf4 23. Rxe8+ Rxe8 24. Bxf4 Bxf4 25. Rxf4 b6 26. Rg4
Re1+ 27. Kh2 Kf7 28. Rd4 Nc5 29. Rf4+ Ke8 30. d4 Nxa4 31. Rf3
Re2 32. b3 Nb2 33. Ne5 c5 34. Nxg6 c4 35. Rf8+ Kd7 36. Rf7+
Kd6 37. bxc4 Nxc4 38. Rxg7 a4 39. Rf7 a3 40. Rf1 Rxg2+ 0-1

[Event "Bundesliga"]
[Site "Eppingen GER"]
[Date "2014.04.04"]
[EventDate "2013.10.12"]
[Round "13"]
[Result "0-1"]
[White "Felix Graf"]
[Black "Maxim Rodshtein"]
[WhiteElo "2493"]
[BlackElo "2664"]
[PlyCount "52"]

1. d4 d5 2. c4 c6 3. Nc3 Nf6 4. Nf3 e6 5. Bg5 h6 6. Bh4 dxc4
7. e4 g5 8. Bg3 b5 9. Be2 Bb7 10. h4 g4 11. Ne5 Nbd7 12. Qc2
Nxe5 13. Bxe5 Bg7 14. h5 Qe7 15. f4 O-O 16. O-O-O c5 17. d5 b4
18. d6 Qd8 19. Nb5 Nxe4 20. Bxg7 Kxg7 21. Bxc4 Qf6 22. Kb1
Rad8 23. d7 Qe7 24. Rde1 Ng3 25. Rhg1 Rxd7 26. Bxe6 fxe6 0-1

[Event "Bundesliga"]
[Site "Eppingen GER"]
[Date "2014.04.05"]
[EventDate "2013.10.12"]
[Round "14"]
[Result "1-0"]
[White "Levon Aronian"]
[Black "Maxim Rodshtein"]
[WhiteElo "2795"]
[BlackElo "2664"]
[PlyCount "99"]

1. Nf3 d5 2. g3 c6 3. Bg2 Bf5 4. O-O e6 5. d3 Nf6 6. c4 dxc4
7. dxc4 Nbd7 8. Nc3 h6 9. Bf4 Be7 10. Qc1 Qb6 11. h3 O-O
12. g4 Bh7 13. Nd2 Rfd8 14. a3 a5 15. Be3 Qa6 16. b3 Bc5
17. Bxc5 Nxc5 18. b4 Ncd7 19. Qb2 Nb6 20. Rac1 axb4 21. axb4
Qa3 22. Qxa3 Rxa3 23. Rfd1 Rd7 24. b5 Nxc4 25. Ncb1 Bxb1
26. Nxc4 Rc3 27. Ne5 Rxd1+ 28. Rxd1 Bg6 29. bxc6 bxc6 30. Rd8+
Kh7 31. Rf8 Rc1+ 32. Kh2 Rc2 33. Bf3 Be4 34. Nxf7 g6 35. Ne5
Bxf3 36. Rf7+ Kg8 37. Rxf6 Be4 38. e3 g5 39. Kg3 Kg7 40. Rf7+
Kg8 41. Rc7 Bd5 42. Nf7 Rc1 43. Nxh6+ Kf8 44. f3 e5 45. Nf5 c5
46. e4 Bb3 47. h4 gxh4+ 48. Nxh4 Bf7 49. Nf5 Bb3 50. Re7 1-0

[Event "Politiken Cup"]
[Site "Helsingor DEN"]
[Date "2014.07.21"]
[EventDate "2014.07.21"]
[Round "1.6"]
[Result "1-0"]
[White "Maxim Rodshtein"]
[Black "Casper Christensen"]
[WhiteElo "2671"]
[BlackElo "2004"]
[PlyCount "101"]

1. e4 d6 2. d4 g6 3. Nc3 Bg7 4. Be3 Nf6 5. Qd2 O-O 6. Bh6 e5
7. Bxg7 Kxg7 8. O-O-O Nc6 9. d5 Ne7 10. h4 h6 11. g3 h5 12. f4
Ng4 13. Nf3 f6 14. Kb1 Ng8 15. Bg2 Bd7 16. Rhf1 N8h6 17. Ne1
Nh2 18. Rh1 N2g4 19. Nd3 Qe7 20. Bf3 a6 21. Rhe1 Rfd8 22. b3
Re8 23. Rc1 Red8 24. Nd1 c5 25. dxc6 bxc6 26. Nc3 Be6 27. Rcd1
Qb7 28. Nb2 Rd7 29. Nca4 Rad8 30. Qa5 Qb5 31. Qc3 Nf7 32. Rd2
Ra8 33. Red1 Rdd8 34. Be2 Qb7 35. Bf1 d5 36. fxe5 fxe5 37. Nc5
Qe7 38. Bh3 Rd6 39. Nbd3 Bc8 40. Bxg4 Bxg4 41. Rf1 Rf6
42. Rxf6 Qxf6 43. Rf2 Qd6 44. Qa5 Bc8 45. Qb6 a5 46. a4 Bg4
47. Rxf7+ Kxf7 48. Qb7+ Qe7 49. Qxa8 dxe4 50. Nxe4 Bf5
51. Qxc6 1-0

[Event "Politiken Cup"]
[Site "Helsingor DEN"]
[Date "2014.07.22"]
[EventDate "2014.07.21"]
[Round "2.6"]
[Result "0-1"]
[White "Lennart Evertsson"]
[Black "Maxim Rodshtein"]
[WhiteElo "2196"]
[BlackElo "2671"]
[PlyCount "78"]

1. c4 g6 2. Nc3 c5 3. Nf3 Bg7 4. d4 cxd4 5. Nxd4 Nc6 6. Nc2
Bxc3+ 7. bxc3 d6 8. e4 Nf6 9. f3 Qa5 10. Qd2 Be6 11. Ne3 Ne5
12. Rb1 Qc7 13. Nd5 Bxd5 14. cxd5 O-O 15. Rb4 Rfc8 16. Bb2 a6
17. f4 Ned7 18. Bd3 b5 19. O-O Nb6 20. Rd4 Nfd7 21. e5 dxe5
22. fxe5 Nxe5 23. Qh6 f6 24. Rh4 e6 25. c4 Rf8 26. Rxf6 Rxf6
27. d6 Qf7 28. Bxe5 bxc4 29. Bxf6 cxd3 30. Bd4 Rf8 31. h3 Nc4
32. Bc3 Qa7+ 33. Kh2 Nxd6 34. Qd2 Nf5 35. Re4 Qd7 36. Re5 Rc8
37. g4 Rxc3 38. Qxc3 d2 39. Rc5 Qd6+ 0-1

[Event "Politiken Cup"]
[Site "Helsingor DEN"]
[Date "2014.07.22"]
[EventDate "2014.07.21"]
[Round "3.6"]
[Result "1-0"]
[White "Maxim Rodshtein"]
[Black "Christian Koepke"]
[WhiteElo "2671"]
[BlackElo "2322"]
[PlyCount "111"]

1. e4 c5 2. Nf3 g6 3. c3 d5 4. e5 Nc6 5. d4 cxd4 6. cxd4 Bg4
7. Nbd2 f6 8. Bb5 Bg7 9. Bxc6+ bxc6 10. Qa4 Qc7 11. O-O Nh6
12. exf6 exf6 13. h3 Bxf3 14. Nxf3 O-O 15. Bd2 Rfe8 16. Rac1
Rac8 17. Rc5 Re6 18. Ra5 Qb7 19. Rxa7 Qxb2 20. Qa6 Rb8 21. Bf4
Rf8 22. Rb7 Qc2 23. Rc1 Qf5 24. Qa7 Nf7 25. Bd2 Ree8 26. Bb4
Ra8 27. Qb6 Rfc8 28. Rxc6 Rxc6 29. Qxc6 Rc8 30. Qd7 Rc1+
31. Kh2 Qxd7 32. Rxd7 Bf8 33. Bd2 Ra1 34. Ra7 Bd6+ 35. g3 Kg7
36. h4 h5 37. Kg2 Kf8 38. a4 Ra2 39. a5 Ra4 40. Rb7 Be7
41. Rb5 Nd6 42. Rxd5 Kf7 43. Be1 Ke6 44. Rc5 Bd8 45. d5+ Kd7
46. Rc6 Nc4 47. Ra6 Ra2 48. Ra7+ Kc8 49. Nd4 Ne3+ 50. Kf3 Nxd5
51. Nb5 f5 52. Rg7 Ra1 53. Na7+ Kb8 54. Nc6+ Kc8 55. Nxd8 Rxe1
56. Rxg6 1-0

[Event "Politiken Cup"]
[Site "Helsingor DEN"]
[Date "2014.07.23"]
[EventDate "2014.07.21"]
[Round "4.6"]
[Result "0-1"]
[White "Jovanka Houska"]
[Black "Maxim Rodshtein"]
[WhiteElo "2409"]
[BlackElo "2671"]
[PlyCount "64"]

1. d4 d5 2. Nf3 Nf6 3. c4 c6 4. e3 Bf5 5. Nc3 e6 6. Nh4 Be4
7. f3 Bg6 8. Qb3 Qc7 9. Bd2 Be7 10. Nxg6 hxg6 11. O-O-O dxc4
12. Bxc4 a6 13. e4 b5 14. Be2 c5 15. dxc5 Nbd7 16. Kb1 O-O
17. Qc2 Nxc5 18. g4 Rfc8 19. e5 Qxe5 20. f4 Qc7 21. Bf3 Rab8
22. Ne2 b4 23. Nd4 Nd5 24. Bxd5 exd5 25. Nb3 Qd7 26. Bc1 Qxg4
27. Rxd5 Na4 28. Qe4 Bf6 29. Ra5 Re8 30. Qc2 Re2 31. Qc7 Rc8
32. h3 Qe6 0-1

[Event "Politiken Cup"]
[Site "Helsingor DEN"]
[Date "2014.07.24"]
[EventDate "2014.07.21"]
[Round "5.3"]
[Result "1/2-1/2"]
[White "Maxim Rodshtein"]
[Black "Evgeny Romanov"]
[WhiteElo "2671"]
[BlackElo "2643"]
[PlyCount "86"]

1. d4 Nf6 2. c4 e6 3. Nf3 b6 4. g3 Ba6 5. b3 d5 6. Bg2 Bb4+
7. Bd2 Bd6 8. Bc3 O-O 9. Nbd2 Nbd7 10. O-O c5 11. cxd5 exd5
12. Re1 Re8 13. Rc1 Rc8 14. Bb2 Qe7 15. e3 Ne4 16. Bf1 Bxf1
17. Rxf1 Qe6 18. Qe2 Ndf6 19. dxc5 bxc5 20. Rfd1 Bb8 21. Bxf6
Nxf6 22. Qd3 h6 23. Rc2 Bd6 24. Nb1 Be7 25. Nc3 Red8 26. Qe2
Rd7 27. Rcd2 Rcd8 28. Kg2 Bf8 29. Kg1 Be7 30. Ne1 d4 31. exd4
cxd4 32. Qxe6 fxe6 33. Na4 e5 34. Nd3 Rd5 35. f3 e4 36. fxe4
Nxe4 37. Re2 Nc3 38. Nxc3 dxc3 39. Rxe7 Rxd3 40. Rxd3 Rxd3
41. Rc7 Rd1+ 42. Kg2 Rd2+ 43. Kh3 Rxa2 1/2-1/2

[Event "Politiken Cup"]
[Site "Helsingor DEN"]
[Date "2014.07.25"]
[EventDate "2014.07.21"]
[Round "6.4"]
[Result "0-1"]
[White "Tiger Hillarp Persson"]
[Black "Maxim Rodshtein"]
[WhiteElo "2564"]
[BlackElo "2671"]
[PlyCount "80"]

1. Nf3 c5 2. g3 Nc6 3. Bg2 g6 4. c4 Bg7 5. Nc3 d6 6. O-O e6
7. e3 Nge7 8. d4 O-O 9. d5 Na5 10. Nd2 exd5 11. cxd5 Rb8
12. Nde4 a6 13. Rb1 b5 14. Ne2 Bf5 15. b3 Re8 16. Bb2 Nc8
17. Bxg7 Kxg7 18. Qc2 Kg8 19. f3 Nb6 20. Qd2 b4 21. Rf2 Qe7
22. Rbf1 Nb7 23. Nf4 Nd7 24. Qe2 a5 25. h4 a4 26. bxa4 Ra8
27. Bh3 Bxe4 28. Bxd7 Qxd7 29. fxe4 Nd8 30. Kh2 Rxa4 31. Qc2
Ra3 32. h5 Rxe3 33. hxg6 hxg6 34. Re2 Rc3 35. Qd2 Qg4 36. Re3
Rxe3 37. Qxe3 g5 38. Nh3 Rxe4 39. Qxg5+ Qxg5 40. Nxg5 Re5 0-1

[Event "Politiken Cup"]
[Site "Helsingor DEN"]
[Date "2014.07.26"]
[EventDate "2014.07.21"]
[Round "7.1"]
[Result "0-1"]
[White "Maxim Rodshtein"]
[Black "Bu Xiangzhi"]
[WhiteElo "2671"]
[BlackElo "2693"]
[PlyCount "130"]

1. e4 c5 2. Nf3 d6 3. d4 cxd4 4. Nxd4 Nf6 5. Nc3 a6 6. h3 e6
7. g4 d5 8. exd5 Nxd5 9. Nde2 Nxc3 10. Qxd8+ Kxd8 11. Nxc3 Bd7
12. Bg2 Bc6 13. Bxc6 Nxc6 14. Bf4 Be7 15. O-O-O+ Ke8 16. Rhe1
Rd8 17. Ne4 h5 18. g5 e5 19. Be3 f5 20. gxf6 gxf6 21. Rxd8+
Kxd8 22. f4 h4 23. fxe5 fxe5 24. Kd2 Kd7 25. Rg1 Ke6 26. c3
Kf5 27. Ng5 b5 28. Rf1+ Kg6 29. Ne6 Rc8 30. Kd3 Na5 31. Rg1+
Kf6 32. Ng5 Nc4 33. Ne4+ Kf5 34. Rf1+ Ke6 35. Bc1 Rg8 36. b3
Nd6 37. Be3 Nf5 38. Rg1 Ng3 39. Nd2 Rd8+ 40. Kc2 Rc8 41. Re1
Kf5 42. Bf2 Rc6 43. Nf3 Bf6 44. Re3 e4 45. Nxh4+ Bxh4 46. Bxg3
Bxg3 47. Rxg3 Kf4 48. Rg8 e3 49. Rd8 Kf3 50. Kd1 Rg6 51. Rf8+
Ke4 52. a4 Rg1+ 53. Ke2 Rg2+ 54. Ke1 Kd3 55. Rd8+ Kxc3
56. axb5 axb5 57. h4 Rh2 58. Rh8 Kxb3 59. h5 b4 60. h6 Kb2
61. Rb8 b3 62. Rh8 Kb1 63. Kd1 b2 64. h7 Rd2+ 65. Ke1 Rd7 0-1

[Event "Politiken Cup"]
[Site "Helsingor DEN"]
[Date "2014.07.27"]
[EventDate "2014.07.21"]
[Round "8.6"]
[Result "0-1"]
[White "Allan Stig Rasmussen"]
[Black "Maxim Rodshtein"]
[WhiteElo "2522"]
[BlackElo "2671"]
[PlyCount "106"]

1. c4 Nf6 2. Nc3 c5 3. Nf3 d5 4. cxd5 Nxd5 5. g3 Nc6 6. Bg2
Nc7 7. O-O e5 8. a3 Rb8 9. Rb1 f6 10. d3 Be6 11. Be3 Qd7
12. Nd2 Be7 13. Nde4 b6 14. f4 exf4 15. gxf4 O-O 16. Ng3 f5
17. Bf2 g6 18. e3 Bf6 19. Qc2 Rfd8 20. Rfd1 Rbc8 21. Nge2 b5
22. Nc1 Ne7 23. Nb3 Na6 24. d4 c4 25. Nc5 Nxc5 26. dxc5 Qc7
27. e4 Qxf4 28. Nd5 Bxd5 29. exd5 Be5 30. Qe2 Qxh2+ 31. Kf1 g5
32. d6 Ng6 33. Bd5+ Kg7 34. Qe3 g4 35. Bg1 Qh5 36. Be6 f4
37. Qe4 g3 38. Rd5 f3 39. Bxc8 Rxc8 40. d7 Qh3+ 41. Ke1 f2+
42. Kd2 Rd8 43. c6 Qe6 44. Kc2 Qxc6 45. Bxf2 gxf2 46. Rbd1 Qf6
47. Rf1 a6 48. Kb1 Qe6 49. Rxf2 Rxd7 50. Rxd7+ Qxd7 51. Ka2 a5
52. Rg2 Bf6 53. a4 b4 0-1

[Event "Politiken Cup"]
[Site "Helsingor DEN"]
[Date "2014.07.28"]
[EventDate "2014.07.21"]
[Round "9.2"]
[Result "1/2-1/2"]
[White "Richard Rapport"]
[Black "Maxim Rodshtein"]
[WhiteElo "2701"]
[BlackElo "2671"]
[PlyCount "84"]

1. f4 d5 2. Nf3 g6 3. c4 e6 4. g3 Bg7 5. Bg2 Ne7 6. O-O O-O
7. Nc3 dxc4 8. Qa4 a6 9. Qxc4 b5 10. Qb3 c5 11. a4 c4 12. Qc2
Bb7 13. axb5 axb5 14. Rxa8 Bxa8 15. b3 b4 16. Nd1 cxb3
17. Qxb3 Na6 18. Nf2 Qa5 19. Qb1 Rd8 20. Rd1 Nf5 21. e3 Bd5
22. Bb2 Qa2 23. Bxg7 Nxg7 24. Nd4 Nf5 25. Bxd5 Qxd5 26. Ng4
Qd6 27. Nf6+ Kg7 28. Ne4 Qb6 29. Nf3 f6 30. Rc1 Nxe3 31. dxe3
Qxe3+ 32. Kg2 Rd3 33. Ned2 Rxd2+ 34. Nxd2 Qxd2+ 35. Kh3 b3
36. Rd1 Qc2 37. Rd7+ Kh6 38. Qe1 b2 39. g4 Qb3+ 40. Kg2 Qc2+
41. Kh3 Qb3+ 42. Kg2 Qc2+ 1/2-1/2

[Event "Politiken Cup"]
[Site "Helsingor DEN"]
[Date "2014.07.29"]
[EventDate "2014.07.21"]
[Round "10.3"]
[Result "1-0"]
[White "Maxim Rodshtein"]
[Black "Gao Rui"]
[WhiteElo "2671"]
[BlackElo "2529"]
[PlyCount "53"]

1. Nf3 Nf6 2. c4 g6 3. Nc3 d5 4. cxd5 Nxd5 5. Qb3 Nb6 6. d4
Bg7 7. e4 Bg4 8. Bb5+ c6 9. Ng5 O-O 10. Be2 Bxe2 11. Nxe2 Na6
12. Qh3 h6 13. Nf3 h5 14. Rg1 Nd7 15. e5 Nb4 16. g4 Nc2+
17. Kf1 Nxe5 18. Nxe5 Bxe5 19. gxh5 Bg7 20. hxg6 fxg6 21. Qb3+
e6 22. Qxc2 Qh4 23. Be3 Rf5 24. Rxg6 Qh7 25. Nf4 Raf8 26. Qe4
Kh8 27. Rg4 1-0

[Event "Chess Olympiad"]
[Site "Tromso NOR"]
[Date "2014.08.02"]
[EventDate "2014.08.02"]
[Round "1.9"]
[Result "0-1"]
[White "Semetey Tologontegin"]
[Black "Maxim Rodshtein"]
[WhiteElo "2354"]
[BlackElo "2671"]
[PlyCount "121"]

1. d4 Nf6 2. Nc3 d5 3. Bf4 Bf5 4. f3 e6 5. g4 Bg6 6. h4 h6
7. e3 Nbd7 8. Bd3 Bxd3 9. cxd3 c6 10. Nge2 Qb6 11. Kf2 Be7
12. Rb1 a5 13. a3 Kf8 14. Qd2 a4 15. Rbg1 Kg8 16. Bg3 Ne8
17. Qc2 Qa5 18. h5 Kh7 19. Bh4 Bxh4+ 20. Rxh4 Nd6 21. f4 f6
22. Rh2 Rhf8 23. Rhg2 Kh8 24. Kg3 e5 25. Kh3 Rae8 26. Qxa4
Qxa4 27. Nxa4 exf4 28. exf4 Re3+ 29. Kh2 Rxd3 30. Nc5 Nxc5
31. dxc5 Nc4 32. Ng3 Ne3 33. Re2 Nxg4+ 34. Kh3 Ne3 35. Kh4 d4
36. Rge1 f5 37. Nf1 Re8 38. Nxe3 dxe3 39. Kg3 Re4 40. Kf3 Rdd4
41. Rxe3 Rxf4+ 42. Kg2 Rg4+ 43. Kf2 Rh4 44. Rb3 Rd7 45. Re8+
Kh7 46. Rb8 Rxh5 47. R8xb7 Rd2+ 48. Ke3 Rd5 49. R3b6 Rh3+
50. Kf4 Rxc5 51. Rc7 Rh4+ 52. Kf3 Rhc4 53. b3 Rh4 54. Rbb7
Rc3+ 55. Kf2 Rf4+ 56. Ke2 Rg4 57. a4 h5 58. Rf7 f4 59. Rb4
Rg2+ 60. Kd1 Rcc2 61. Rbxf4 0-1

[Event "Chess Olympiad"]
[Site "Tromso NOR"]
[Date "2014.08.04"]
[EventDate "2014.08.02"]
[Round "3.13"]
[Result "1-0"]
[White "Maxim Rodshtein"]
[Black "Andrey Zhigalko"]
[WhiteElo "2671"]
[BlackElo "2580"]
[PlyCount "65"]

1. d4 Nf6 2. c4 e6 3. Nf3 b6 4. g3 Bb7 5. Bg2 Bb4+ 6. Bd2
Bxd2+ 7. Qxd2 O-O 8. O-O d6 9. Qf4 Nbd7 10. Nc3 Re8 11. Rfe1
a6 12. e4 e5 13. Qd2 exd4 14. Nxd4 Nc5 15. f3 g6 16. Rad1 a5
17. b3 h5 18. a3 Kh7 19. b4 axb4 20. axb4 Ncd7 21. f4 Ra3
22. Ncb5 Ra4 23. Nf3 Kg8 24. e5 Ne4 25. Qc2 Rxb4 26. Rxe4 Bxe4
27. Qxe4 Nc5 28. Qc6 Re7 29. exd6 cxd6 30. Ne5 Nb7 31. Bd5 Kg7
32. Bxf7 Na5 33. Qe4 1-0